000 00872nas a2200289 4500
001 BR9704276
003 BR-BrBNA
005 20231205100511.0
007 ta
008 230509b bl.|||p| |||| 00| 00por d
040 _aBR-BrBNA
_bpor
_cBiblioteca Nacional de Agricultura
041 _a(Pt)
072 _aL53
100 1 _aSantos, R.L.
100 1 _aBarreto Filho, J.B.
100 1 _aMarques Junior, A.P.
100 1 _aSantos, D.A.M.L.
100 1 _aAndrade, J.S.
245 1 _aAnalise morfometrica do colageno no placentomo caprino ao longo da gestacao
650 _aCaprino
650 _aColageno
650 _aPlacenta
650 _aPrenhez
773 0 _tArquivo Brasileiro de Medicina Veterinaria e Zootecnia (Brazil)
_xISSN 0102-0935
_g(Apr 1997), v. 49(2) p. 175-180
_wBR9704276
909 _a202311
_bLúcia
_c55
_dLúcia Elande
942 _2AGRIS
_n0
_cANA
999 _c156378
_d156378